| 000 | 00475cam a22001457a 4500 | ||
|---|---|---|---|
| 008 | 180718b1999 xxu||||| |||| 00| 0 eng d | ||
| 020 | _a8186641122 | ||
| 082 | _aA99 B651/ G959 | ||
| 245 |
_aSubhas Bose: the man and his mission _cedited by M.C. Gupta and Jayatilak Guha Roy |
||
| 260 |
_aNew Delhi _bIndian Institute of Public Administration _c1999 |
||
| 300 | _a167p. | ||
| 650 | _aBose, Subhas Chandra - Biography | ||
| 700 | _aGuha Roy, Jayatilak | ||
| 700 | _aGupta, M.C. | ||
| 999 |
_c487689 _d487689 |
||